000 00375nam a2200133Ia 4500
008 231129s1996||||xx |||||||||||||| ||spa||
020 _a84-7880-602-4
082 _aHAJ- 0071
100 _aBarnatán Marcos-Ricardo
245 0 _aBorges: biografí­a total
260 _c1996
264 _aColombia: Planeta Colombiana
942 _2ddc
_cBKS
999 _c6295
_d6295